000 01800nam a2200241 a 4500
001 000017896
005 20250429110432.0
008 100407s1986 dr c 000 0 spa d
040 _aDO-SdBNP
_bspa
_cBNPHU
082 _a909.09
_bM276h
100 1 _aManfred, A. Z.
_938833
245 1 0 _aHistoria universal /
_cA. Z. Manfred.
260 _aSanto Domingo :
_bUASD
_bPogreso,
_c1986.
300 _av. :
_bretrs. ;
_c21 cm.
490 1 _aPublicaciones de la Universidad Autónoma de Santo Domingo
_v528
500 _aIncluye notas al pie de páginas
500 _aLa biblioteca posee el tomo 2
500 _aLa gran revolución de octubre, comienzo de una nueva era en la historia de la humanidad, 5 - la terminación de la primera guerra mundial y el nuevo reparto del mundo, 37 - la construcción del socialismo en la URSS, 48 - el mundo capitalista entre dos guerras mundiales, 111- el movimiento de la liberación nacional de los pueblos de Asia, Africa y América Latina en el período entre dos guerras mundiales, 140 - la segunda guerra mundial. La gran guerra patria del pueblo soviético, 224 - la Unión Soviética después de la segunda guerra mundial. Comineza la contrucción del cosumismo en la URSS, 258 - el sistema socialista mundial, 288 - los EE. UU. y los países capitalistas en Europa en los años de posguerra. formación de bloques agresivos, 338 - auge de la lucha antiimperialista de los pueblos de Asia, Africa y América Latina. Desintegración del sistema colonial, 373 - la lucha entre fuerzas de la paz y la guerra, 436 - conclusión, 443 - cronología, 451.
650 0 _aHistoria universal
_9933
710 1 _aUniversidad Autónoma de Santo Domingo
_972951
830 0 _aPublicaciones de la Universidad Autónoma de Santo Domingo
_n528
_938834
049 _aEn proceso
999 _c17420
_d17420